What Country Are You In If You Are At... - Statistics

General Stats
  • This quiz has been taken 135 times
  • The average score is 14 of 15
Answer Stats
Location Country % Correct
Notre Dame Cathedral France
99%
Colosseum Italy
99%
Giza Pyramids Egypt
98%
Acropolis of Athens Greece
98%
Taj Mahal India
98%
Christ the Redeemer Statue Brazil
97%
Mt. Fuji Japan
95%
Alcatraz Island United States of America
95%
Machu Picchu Peru
93%
Ibiza Spain
93%
Burj Khalifa United Arab Emirates
91%
Forbidden City China
86%
Uluru / Ayers Rock Australia
83%
Chichen Itza Mexico
82%
Petronas Twin Towers Malaysia
75%
No matching quizzes found
Score Distribution
Percent of People with Each Score
Percentile by Number Answered
Your Score History
You have not taken this quiz